| 000 | 01020nam0a22002891 4500 | ||
|---|---|---|---|
| 001 | v19\rc\1607894 | ||
| 005 | 20250618223159.0 | ||
| 035 | _a(NLR Aleph) 004728881 | ||
| 090 |
_a4431103 _c4431103 |
||
| 100 | _a20061002e18971896|||y0rusy50 ca | ||
| 101 | 0 | _arus | |
| 102 | _aRU | ||
| 105 | _ay z ||||| | ||
| 200 | 1 |
_aЗапретные идеи _fПроф. С. Глаголев |
|
| 210 |
_aСергиев Посад _c2 тип. А.И. Снегиревой _d1897 |
||
| 215 |
_a62 с. _d23 |
||
| 311 | _aОтт. из № 8, 12 "Богосл. вестн." за 1896 г. | ||
| 488 | 0 |
_12001#$aБогословский вестник$v1896, № 8, 12 _tБогословский вестник |
|
| 700 | 1 |
_aГлаголев _bС.С. _f1865-1937 _gСергей Сергеевич |
|
| 801 | 0 |
_aRU _bNLR _gpsbo |
|
| 801 | 0 |
_aRU _bRuMoRGB _2psbo |
|
| 801 | 1 |
_aRU _bProSoft-M _2rusmarc |
|
| 852 |
_aNLR _j20.97.3.392 |
||
| 899 |
_aRuMoRGB _jПриплет к Z 103/506 |
||
| 899 |
_aRuMoRGB _jA 231/1079 |
||
| 942 | _cBOOK | ||
| 980 | _aNB | ||